Kandydaci z co najmniej dwoma startami w wyborach na Prezydenta RP - Statystyki

Ogólne statystyki
  • Ten quiz został rozwiązany 94 razy
  • Średni wynik to 10 z 16
Statystyki odpowiedzi
Liczba startów Kandydat % Poprawnych
2 Andrzej Duda
94%
2 Rafał Trzaskowski
94%
3 Lech Wałęsa
91%
2 Aleksander Kwaśniewski
88%
2 Bronisław Komorowski
85%
5 Janusz Korwin-Mikke
84%
2 Grzegorz Braun
67%
2 Szymon Hołownia
64%
4 Andrzej Lepper
51%
2 Marek Jakubiak
49%
2 Paweł Tanajno
48%
2 Waldemar Pawlak
44%
2 Stanisław Tymiński
38%
2 Andrzej Olechowski
28%
2 Jarosław Kalinowski
22%
2 Leszek Bubel
22%
Nie znaleziono quizów pasujących do podanych kryteriów
Rozkład punktacji
Procent ludzi z każdym wynikiem
Percentyl według liczby udzielonych odpowiedzi
Twoja historia wyników
Nie rozwiązałeś tego quizu